Structures (Record no. 104750)

MARC details
000 -LEADER
fixed length control field 01482cam a2200325 4500
001 - CONTROL NUMBER
control field ##E131407
008 - FIXED-LENGTH DATA ELEMENTS--GENERAL INFORMATION
fixed length control field 050826n2005 000 0 eng u
020 ## - INTERNATIONAL STANDARD BOOK NUMBER
International Standard Book Number 1904388361
035 ## - SYSTEM CONTROL NUMBER
System control number (Sirsi) u131407
041 0# - LANGUAGE CODE
Language code of text/sound track or separate title eng
050 04 - LIBRARY OF CONGRESS CALL NUMBER
Classification number 690.25 $2 18
100 1# - MAIN ENTRY--PERSONAL NAME
Personal name Richardson, Clive
245 ## - TITLE STATEMENT
Title Structures
Remainder of title the structural failures, repair and reuse of Georgian, Victorian, and 20th century buildings
-- a CPD study pack
260 ## - PUBLICATION, DISTRIBUTION, ETC.
Place of publication, distribution, etc. Reading
Name of publisher, distributor, etc. College of Estate Management
Date of publication, distribution, etc. 2005
300 ## - PHYSICAL DESCRIPTION
Extent 39p.
Dimensions 30cm
350 ## - PRICE (NR) (BK AM CF MU VM SE) [OBSOLETE]
Price 37
490 ## - SERIES STATEMENT
Series statement College of Estate Management CPD Study Pack
520 ## - SUMMARY, ETC.
Summary, etc. This CPD pack will be of particular relevance to those involved in the surveying of buildings, those involved in the conservation of buildings, those with interests in the history of buildings and those who aspire to become home inspectors. It is a user-friendly guide to the identification of building styles and materials usage, with associated building defects from 1750 to the present day, including structural problems, and the philosophy of structural repairs and conservation.
520 ## - SUMMARY, ETC.
Summary, etc. No audio tape is included
590 ## - LOCAL NOTE (RLIN)
Local note IKA030106
650 ## - SUBJECT ADDED ENTRY--TOPICAL TERM
Topical term or geographic name entry element GEORGIAN PROPERTY
650 ## - SUBJECT ADDED ENTRY--TOPICAL TERM
Topical term or geographic name entry element RE-USE
650 ## - SUBJECT ADDED ENTRY--TOPICAL TERM
Topical term or geographic name entry element STRUCTURAL FAILURES
650 ## - SUBJECT ADDED ENTRY--TOPICAL TERM
Topical term or geographic name entry element TWENTIETH CENTURY
650 ## - SUBJECT ADDED ENTRY--TOPICAL TERM
Topical term or geographic name entry element VICTORIAN PROPERTY
690 ## - LOCAL SUBJECT ADDED ENTRY--TOPICAL TERM (OCLC, RLIN)
Topical term or geographic name as entry element BUILT ENVIRONMENT-BUILDING INSPECTION-STRUCTURAL SURVEYING
700 ## - ADDED ENTRY--PERSONAL NAME
Personal name Hough, Graham
710 2# - ADDED ENTRY--CORPORATE NAME
Corporate name or jurisdiction name as entry element College of Estate Management
9 (RLIN) 400
942 ## - ADDED ENTRY ELEMENTS (KOHA)
Suppress in OPAC 0
Holdings
Withdrawn status Lost status Source of classification or shelving scheme Damaged status Not for loan Home library Current library Shelving location Date acquired Cost, normal purchase price Total Checkouts Full call number Barcode Date last seen Date last checked out Copy number Cost, replacement price Price effective from Koha item type
    Dewey Decimal Classification     London London Enquiry desk 01/02/2006 37.00 40 BASEMENT 6 30071520 06/08/2019 25/01/2010 3 37.00 06/08/2019 Audio
    Dewey Decimal Classification     London London Enquiry desk 03/03/2006 36.95 41 BASEMENT 6 30072848 06/08/2019 29/01/2010 4 36.95 06/08/2019 Audio
    Dewey Decimal Classification     London London Enquiry desk 03/03/2006 36.95 40 BASEMENT 6 30072850 06/08/2019 29/01/2010 6 36.95 06/08/2019 Audio